000
00302nam a22001337a 4500
008
170131b xxu||||| |||| 00| 0 eng d
020
_a
0910701253
041
_a
eng
080
_a
61
100
_a
3
101
_a
SHMI
245
_a
THE WELL-MANAGED COMMUNITY HOSPITAL
_c
GRIFFITH, J.R
942
_2
udc
_c
BK
999
_c
4050
_d
4050